Spon's civil engineering and highway works price book (Record no. 115846)
[ view plain ]
| 000 -LEADER | |
|---|---|
| fixed length control field | 01539cam a22003015a 4500 |
| 001 - CONTROL NUMBER | |
| control field | L158266 |
| 008 - FIXED-LENGTH DATA ELEMENTS--GENERAL INFORMATION | |
| fixed length control field | 090109s2014 xxk f 001 0 eng d |
| 020 ## - INTERNATIONAL STANDARD BOOK NUMBER | |
| International Standard Book Number | 9781482255287 |
| 022 1# - INTERNATIONAL STANDARD SERIAL NUMBER | |
| International Standard Serial Number | 0957-171X |
| 035 ## - SYSTEM CONTROL NUMBER | |
| System control number | (Sirsi) u159375 |
| 041 0# - LANGUAGE CODE | |
| Language code of text/sound track or separate title | eng |
| 050 04 - LIBRARY OF CONGRESS CALL NUMBER | |
| Classification number | 624.05 $2 18 |
| 110 2# - MAIN ENTRY--CORPORATE NAME | |
| Corporate name or jurisdiction name as entry element | AECOM |
| 245 00 - TITLE STATEMENT | |
| Title | Spon's civil engineering and highway works price book |
| Remainder of title | 2015 |
| 250 ## - EDITION STATEMENT | |
| Edition statement | 29th ed. |
| 260 ## - PUBLICATION, DISTRIBUTION, ETC. | |
| Place of publication, distribution, etc. | London |
| Name of publisher, distributor, etc. | CRC Press |
| -- | Taylor and Francis |
| Date of publication, distribution, etc. | 2014 |
| 300 ## - PHYSICAL DESCRIPTION | |
| Extent | xxiii, 656p. |
| Dimensions | 26cm. |
| 350 ## - PRICE (NR) (BK AM CF MU VM SE) [OBSOLETE] | |
| Price | 155 |
| 505 2# - FORMATTED CONTENTS NOTE | |
| Formatted contents note | General -- Preliminaries and general items -- Resources -- Unit costs (civil engineering works) -- Unit costs (highway works) -- Land remediation -- Unit costs (ancillary building works) -- Oncosts and profit -- Costs and tender prices indices -- Daywork -- Professional fees -- Approximate estimates -- Outputs -- Tables and memoranda |
| 520 ## - SUMMARY, ETC. | |
| Summary, etc. | Provides costs for both general and civil engineering works and highway works, and shows a full breakdown of labour, plant and material elements. Contains prices revised up to May-June 2008. Includes amendments to the legislation to Capital Allowances, VAT and Construction sections. Organised to comply with the Civil Engineering Standard Method of Measurement, 3rd edition (CESMM3) and Methods of Measurement for Highway Works (MMHW). With tables and formulae. |
| 520 ## - SUMMARY, ETC. | |
| Summary, etc. | Supersedes 28th edition |
| 521 ## - TARGET AUDIENCE NOTE | |
| Target audience note | Advanced |
| 590 ## - LOCAL NOTE (RLIN) | |
| Local note | KA |
| 651 #4 - SUBJECT ADDED ENTRY--GEOGRAPHIC NAME | |
| Geographic name | United Kingdom |
| Chronological subdivision | |
| 690 ## - LOCAL SUBJECT ADDED ENTRY--TOPICAL TERM (OCLC, RLIN) | |
| Topical term or geographic name as entry element | BUILT ENVIRONMENT-BUILDING COSTS |
| 942 ## - ADDED ENTRY ELEMENTS (KOHA) | |
| Suppress in OPAC | 0 |
No items available.